Statistics for Cropped Rock/Metal Band Logos

Click here to take the quiz!

General Stats

  • This quiz has been taken 363 times
  • The average score is 7 of 16

Answer Stats

Answer% Correct
Metallica
94%
Nirvana
86%
System of a Down
81%
Slipknot
69%
Red Hot Chili Peppers
65%
AC/DC
62%
Led Zeppelin
59%
Rammstein
47%
Tool
42%
Nine Inch Nails
40%
Meshuggah
34%
Pink Floyd
29%
Anthrax
14%
Opeth
13%
Stone Temple Pilots
10%
King Crimson
6%

Score Distribution

Percentile by Number Answered

Percent of People with Each Score

Your Score History

You have not taken this quiz